书目信息 |
| 题名: |
一代明君武则天
|
|
| 作者: | 王双怀 , 王恺 , 毛阳光 主编 | |
| 分册: | ||
| 出版信息: | 北京 中国文史出版社 2018 |
|
| 页数: | 446页 | |
| 开本: | 24cm | |
| 丛书名: | ||
| 单 册: | ||
| 中图分类: | K827=421 , K242.105 | |
| 科图分类: | ||
| 主题词: | 武则天称帝--研究--文集 | |
| 电子资源: | ||
| ISBN: | 978-7-5205-0245-0 | |
| 000 | 00995nam0 2200277 45 | |
| 001 | 012001001983 | |
| 005 | 20140921103355.0 | |
| 010 | @a978-7-5205-0245-0@dCNY78.00 | |
| 100 | @a20180714d2018 em y0chiy50 ea | |
| 101 | 0 | @achi |
| 102 | @aCN@b110000 | |
| 105 | @aa z 000yd | |
| 106 | @ar | |
| 200 | 1 | @a一代明君武则天@9yi dai ming jun wu ze tian@f王双怀,王恺,毛阳光主编 |
| 210 | @a北京@c中国文史出版社@d2018 | |
| 215 | @a446页@c图@d24cm | |
| 330 | @a本书收录了《民间记忆与政治错位》《唐人心目中的武则天及其评价述论》《武则天对于佛教禅宗的支持》《武则天与大福先寺》《试论武则天诗歌的中和之美》《唐高宗公主考》等论文。 | |
| 600 | 0 | @a武则天@f(624-705)@x人物研究@j文集 |
| 606 | 0 | @a武则天称帝@x研究@j文集 |
| 690 | @aK827=421@v5 | |
| 690 | @aK242.105@v5 | |
| 701 | 0 | @a王双怀@9wang shuang huai@c(历史,@f1961-)@4主编 |
| 701 | 0 | @a王恺@9wang kai@4主编 |
| 701 | 0 | @a毛阳光@9mao yang guang@f(1973.12-)@4主编 |
| 801 | 0 | @aCN@b上海新华@c20180901 |
| 905 | @b1152517-21@dK827@e792@f5 | |
| 一代明君武则天/王双怀,王恺,毛阳光主编.-北京:中国文史出版社,2018 |
| 446页:图;24cm |
| ISBN 978-7-5205-0245-0:CNY78.00 |
| 本书收录了《民间记忆与政治错位》《唐人心目中的武则天及其评价述论》《武则天对于佛教禅宗的支持》《武则天与大福先寺》《试论武则天诗歌的中和之美》《唐高宗公主考》等论文。 |
| ● |
| 相关链接 |
|
|
|
|
正题名:一代明君武则天
索取号:K827/792
 
预约/预借
| 序号 | 登录号 | 条形码 | 馆藏地/架位号 | 状态 | 备注 |
| 1 | 1152517 | 211525170 | 第二样本阅览室/ [索取号:K827/792] | 在馆 | |
| 2 | 1152518 | 211525189 | 第二借阅区/ [索取号:K827/792] | 在馆 | |
| 3 | 1152519 | 211525198 | 第二借阅区/ [索取号:K827/792] | 在馆 | |
| 4 | 1152520 | 211525205 | 第二借阅区/ [索取号:K827/792] | 在馆 | |
| 5 | 1152521 | 211525214 | 密集书库-史法系/ [索取号:K827/792] | 在馆 |